[Event "Campeonato de España Veteranos 2017"]
[Site "Altea"]
[Date "2017.10.08"]
[Round "2"]
[White "Serra Olives, Tomas"]
[Black "Sanz Bastos, Fernando"]
[Result "1/2-1/2"]
[Board "12"]
[WhiteTitle "FM"]
[WhiteElo "2146"]
[WhiteCountry "ESP"]
[WhiteFideId "2203774"]
[WhiteEloChange "-4"]
[BlackElo "1981"]
[BlackCountry "ESP"]
[BlackFideId "2205432"]
[BlackEloChange "4"]

1. e4 {[%clk 1:30:56]} e5 {[%clk 1:30:27]} 2. Nf3 {[%clk 1:31:19]} Nc6 {[%clk
1:30:52]} 3. Bb5 {[%clk 1:31:40]} a6 {[%clk 1:31:08]} 4. Ba4 {[%clk 1:32:05]} d6
{[%clk 1:30:53]} 5. O-O {[%clk 1:32:27]} Bd7 {[%clk 1:31:18]} 6. c4 {[%clk
1:32:49]} Nge7 {[%clk 1:31:23]} 7. d4 {[%clk 1:32:17]} Ng6 {[%clk 1:31:19]} 8. d5
{[%clk 1:31:15]} Nb8 {[%clk 1:31:46]} 9. Bc2 {[%clk 1:31:11]} Be7 {[%clk
1:32:09]} 10. Re1 {[%clk 1:30:05]} O-O {[%clk 1:32:26]} 11. Nbd2 {[%clk 1:30:13]}
a5 {[%clk 1:30:14]} 12. Nf1 {[%clk 1:28:59]} Na6 {[%clk 1:29:39]} 13. Ng3 {[%clk
1:27:28]} Nb4 {[%clk 1:26:29]} 14. Bb1 {[%clk 1:27:29]} Nf4 {[%clk 1:23:22]} 15.
a3 {[%clk 1:22:33]} Na6 {[%clk 1:23:44]} 16. Bxf4 {[%clk 1:17:26]} exf4 {[%clk
1:24:04]} 17. Nh5 {[%clk 1:16:10]} Bg4 {[%clk 1:20:14]} 18. Nxf4 {[%clk 1:15:37]}
Bg5 {[%clk 1:20:41]} 19. Nd3 {[%clk 1:11:35]} Qf6 {[%clk 1:16:50]} 20. Bc2 {[%clk
0:58:00]} Rfe8 {[%clk 1:07:19]} 21. b4 {[%clk 0:52:34]} Qc3 {[%clk 1:02:54]} 22.
Ba4 {[%clk 0:50:15]} Re7 {[%clk 1:02:13]} 23. Qc2 {[%clk 0:45:10]} Bf6 {[%clk
0:54:07]} 24. e5 {[%clk 0:45:10]} Qxc2 {[%clk 0:54:34]} 25. Bxc2 {[%clk 0:45:31]}
dxe5 {[%clk 0:54:56]} 26. Nfxe5 {[%clk 0:44:18]} Bf5 {[%clk 0:53:45]} 27. f4
{[%clk 0:42:43]} g5 {[%clk 0:52:43]} 28. g3 {[%clk 0:41:12]} axb4 {[%clk
0:50:57]} 29. axb4 {[%clk 0:40:12]} Bxd3 {[%clk 0:50:55]} 30. Nxd3 {[%clk
0:38:50]} Rae8 {[%clk 0:47:11]} 31. Rxe7 {[%clk 0:29:20]} Rxe7 {[%clk 0:47:40]}
32. Rb1 {[%clk 0:28:40]} Re2 {[%clk 0:47:19]} 33. Ba4 {[%clk 0:24:41]} gxf4
{[%clk 0:46:40]} 34. Nxf4 {[%clk 0:22:24]} Bd4+ {[%clk 0:40:57]} 35. Kh1 {[%clk
0:22:45]} Rb2 {[%clk 0:40:05]} 36. Rxb2 {[%clk 0:19:00]} Bxb2 {[%clk 0:40:31]}
37. Nd3 {[%clk 0:19:04]} Ba3 {[%clk 0:39:55]} 38. b5 {[%clk 0:15:17]} Nc5 {[%clk
0:40:17]} 39. Nxc5 {[%clk 0:15:29]} Bxc5 {[%clk 0:40:45]} 40. Bc2 {[%clk
0:15:18]} h6 {[%clk 0:40:55]} 41. Kg2 {[%clk 0:15:40]} Kg7 {[%clk 0:40:54]} 42.
Kf3 {[%clk 0:16:05]} Kf6 {[%clk 0:40:41]} 43. Kg4 {[%clk 0:14:40]} b6 {[%clk
0:40:44]} 44. Kh5 {[%clk 0:14:27]} Be3 {[%clk 0:40:58]} 45. Bh7 {[%clk 0:13:16]}
Kg7 {[%clk 0:40:41]} 46. Bc2 {[%clk 0:13:24]} Kf6 {[%clk 0:41:04]} 47. g4 {[%clk
0:12:27]} Bf4 {[%clk 0:40:48]} 48. h4 {[%clk 0:12:30]} Be3 {[%clk 0:40:48]} 49.
Bb3 {[%clk 0:12:12]} Bd2 {[%clk 0:40:06]} 50. c5 {[%clk 0:05:28]} Ke7 {[%clk
0:23:49]} 51. d6+ {[%clk 0:02:17]} cxd6 {[%clk 0:24:18]} 52. cxd6+ {[%clk
0:02:46]} Kxd6 {[%clk 0:24:44]} 53. Bxf7 {[%clk 0:02:55]} Ke7 {[%clk 0:24:58]}
54. Bc4 {[%clk 0:03:11]} Kf6 {[%clk 0:25:27]} 1/2-1/2

[Event "Campeonato de España Veteranos 2017"]
[Site "Altea"]
[Date "2017.10.08"]
[Round "2"]
[White "Dominguez Marquez, Cecilio"]
[Black "Pastor Alonso De Prado, Alberto"]
[Result "0-1"]
[Board "14"]
[WhiteElo "1955"]
[WhiteCountry "ESP"]
[WhiteFideId "2257858"]
[WhiteEloChange "-5"]
[BlackElo "2131"]
[BlackCountry "ESP"]
[BlackFideId "2255740"]
[BlackEloChange "5"]

1. d4 {[%clk 1:27:48]} b6 {[%clk 1:29:35]} 2. e4 {[%clk 1:27:14]} Bb7 {[%clk
1:29:57]} 3. Bd3 {[%clk 1:26:07]} Nf6 {[%clk 1:29:58]} 4. Qe2 {[%clk 1:23:04]}
Nc6 {[%clk 1:30:07]} 5. c3 {[%clk 1:23:05]} e5 {[%clk 1:30:28]} 6. d5 {[%clk
1:22:33]} Ne7 {[%clk 1:30:51]} 7. c4 {[%clk 1:20:42]} Ng6 {[%clk 1:31:00]} 8. g3
{[%clk 1:20:12]} c6 {[%clk 1:31:06]} 9. Nc3 {[%clk 1:18:43]} Bb4 {[%clk 1:30:57]}
10. Bd2 {[%clk 1:19:09]} a5 {[%clk 1:31:11]} 11. a3 {[%clk 1:18:44]} Bc5 {[%clk
1:30:46]} 12. h4 {[%clk 1:14:24]} h5 {[%clk 1:30:45]} 13. Nh3 {[%clk 1:13:48]}
Bd4 {[%clk 1:18:36]} 14. O-O-O {[%clk 1:05:29]} d6 {[%clk 1:16:44]} 15. Kb1
{[%clk 1:04:10]} a4 {[%clk 1:08:52]} 16. dxc6 {[%clk 0:59:18]} Bxc6 {[%clk
1:07:42]} 17. Nd5 {[%clk 0:58:10]} Nd7 {[%clk 0:59:29]} 18. Be3 {[%clk 0:51:39]}
Bxe3 {[%clk 0:57:00]} 19. Qxe3 {[%clk 0:50:13]} Nc5 {[%clk 0:49:31]} 20. Bc2
{[%clk 0:49:30]} Bxd5 {[%clk 0:46:21]} 21. exd5 {[%clk 0:48:23]} Qf6 {[%clk
0:34:37]} 22. Ng5 {[%clk 0:46:12]} Nf8 {[%clk 0:34:02]} 23. Ne4 {[%clk 0:44:12]}
Nxe4 {[%clk 0:34:23]} 24. Bxe4 {[%clk 0:44:35]} Nd7 {[%clk 0:34:48]} 25. Rhf1
{[%clk 0:37:35]} g6 {[%clk 0:27:10]} 26. f4 {[%clk 0:34:03]} exf4 {[%clk
0:27:12]} 27. Rxf4 {[%clk 0:29:45]} Qe7 {[%clk 0:26:43]} 28. Re1 {[%clk 0:28:09]}
O-O {[%clk 0:26:07]} 29. g4 {[%clk 0:25:45]} hxg4 {[%clk 0:19:34]} 30. Rxg4
{[%clk 0:22:42]} Ne5 {[%clk 0:19:10]} 31. Bc2 {[%clk 0:18:45]} Qf6 {[%clk
0:15:34]} 32. Rf4 {[%clk 0:18:23]} Qh8 {[%clk 0:13:51]} 33. Rh1 {[%clk 0:14:02]}
Rfc8 {[%clk 0:12:22]} 34. Bd3 {[%clk 0:12:52]} Qh6 {[%clk 0:10:34]} 35. Rhf1
{[%clk 0:05:55]} Nxc4 {[%clk 0:08:35]} 36. Qf2 {[%clk 0:04:18]} Ne5 {[%clk
0:07:33]} 37. Rxf7 {[%clk 0:02:52]} Nxd3 {[%clk 0:07:05]} 38. Qf6 {[%clk
0:01:39]} Rc1+ {[%clk 0:06:19]} 39. Ka2 {[%clk 0:01:59]} Rxf1 {[%clk 0:06:24]}
40. Qxf1 {[%clk 0:02:24]} Qd2 {[%clk 0:06:13]} 0-1

[Event "Campeonato de España Veteranos 2017"]
[Site "Altea"]
[Date "2017.10.08"]
[Round "2"]
[White "Marin Calderon, Angel"]
[Black "Fernandez Perez, Josep"]
[Result "1/2-1/2"]
[Board "16"]
[WhiteElo "1924"]
[WhiteCountry "ESP"]
[WhiteFideId "22277196"]
[WhiteEloChange "3"]
[BlackElo "2045"]
[BlackCountry "ESP"]
[BlackFideId "32023910"]
[BlackEloChange "-3"]

1. e4 {[%clk 1:29:11]} e6 {[%clk 1:30:48]} 2. Nf3 {[%clk 1:28:11]} d5 {[%clk
1:30:48]} 3. exd5 {[%clk 1:28:11]} exd5 {[%clk 1:30:57]} 4. d4 {[%clk 1:28:16]}
Nf6 {[%clk 1:30:43]} 5. Be2 {[%clk 1:28:03]} Bd6 {[%clk 1:21:25]} 6. O-O {[%clk
1:27:38]} O-O {[%clk 1:21:38]} 7. Bg5 {[%clk 1:19:02]} Re8 {[%clk 1:20:46]} 8. c3
{[%clk 1:15:10]} Nbd7 {[%clk 1:17:22]} 9. Nbd2 {[%clk 1:14:53]} c6 {[%clk
1:17:17]} 10. Re1 {[%clk 1:11:53]} Nf8 {[%clk 1:13:39]} 11. Bd3 {[%clk 1:11:13]}
Rxe1+ {[%clk 1:13:50]} 12. Qxe1 {[%clk 1:11:07]} Ne6 {[%clk 1:13:10]} 13. Be3
{[%clk 1:08:26]} Nf4 {[%clk 1:07:42]} 14. Bxf4 {[%clk 1:04:04]} Bxf4 {[%clk
1:07:45]} 15. Qe2 {[%clk 1:01:02]} Bg4 {[%clk 1:06:44]} 16. Nf1 {[%clk 0:59:59]}
Qe8 {[%clk 0:57:15]} 17. Ne3 {[%clk 0:57:09]} Bh5 {[%clk 0:44:52]} 18. h3 {[%clk
0:52:10]} Kf8 {[%clk 0:37:58]} 19. Re1 {[%clk 0:48:45]} Qe6 {[%clk 0:33:06]} 20.
Bf5 {[%clk 0:37:21]} Qd6 {[%clk 0:31:38]} 21. g4 {[%clk 0:34:42]} Bg6 {[%clk
0:20:38]} 22. Bxg6 {[%clk 0:34:42]} hxg6 {[%clk 0:20:38]} 23. Ng2 {[%clk
0:28:49]} g5 {[%clk 0:16:30]} 24. Nxf4 {[%clk 0:25:33]} gxf4 {[%clk 0:15:30]} 25.
Qe5 {[%clk 0:23:17]} Qxe5 {[%clk 0:15:20]} 26. Rxe5 {[%clk 0:23:28]} g6 {[%clk
0:14:52]} 27. Kg2 {[%clk 0:22:19]} Ne4 {[%clk 0:11:46]} 28. g5 {[%clk 0:20:29]}
Re8 {[%clk 0:10:24]} 29. h4 {[%clk 0:18:31]} f6 {[%clk 0:05:42]} 30. gxf6 {[%clk
0:17:28]} Nxf6 {[%clk 0:05:58]} 31. Rxe8+ {[%clk 0:16:39]} Kxe8 {[%clk 0:06:05]}
32. Ne5 {[%clk 0:16:57]} Nh5 {[%clk 0:04:55]} 33. Nxg6 {[%clk 0:16:43]} Kf7
{[%clk 0:05:10]} 34. Ne5+ {[%clk 0:16:52]} Ke6 {[%clk 0:05:29]} 35. Kf3 {[%clk
0:16:41]} Kf5 {[%clk 0:05:45]} 36. Nd3 {[%clk 0:16:05]} b6 {[%clk 0:05:54]} 37.
b4 {[%clk 0:16:10]} Nf6 {[%clk 0:05:53]} 38. Nxf4 {[%clk 0:11:45]} Ne4 {[%clk
0:06:00]} 39. Ne2 {[%clk 0:12:02]} Nd2+ {[%clk 0:06:06]} 40. Kg3 {[%clk 0:11:29]}
Ne4+ {[%clk 0:06:26]} 41. Kf3 {[%clk 0:10:31]} Nd2+ {[%clk 0:06:47]} 42. Ke3
{[%clk 0:10:36]} Nc4+ {[%clk 0:06:24]} 43. Kd3 {[%clk 0:10:49]} Kg4 {[%clk
0:06:31]} 44. Ng3 {[%clk 0:10:05]} Kxh4 {[%clk 0:05:18]} 45. Nf5+ {[%clk
0:10:22]} Kg4 {[%clk 0:05:35]} 46. Ne7 {[%clk 0:10:37]} b5 {[%clk 0:03:26]} 47.
Nxc6 {[%clk 0:10:51]} Kf3 {[%clk 0:03:34]} 48. Nxa7 {[%clk 0:10:42]} Na3 {[%clk
0:03:52]} 49. Nc6 {[%clk 0:10:49]} Nc4 {[%clk 0:04:07]} 50. Ne7 {[%clk 0:08:43]}
Nb6 {[%clk 0:04:34]} 51. Nxd5 {[%clk 0:08:20]} Nxd5 {[%clk 0:04:46]} 52. Kc2
{[%clk 0:08:17]} Kxf2 {[%clk 0:05:10]} 53. Kb3 {[%clk 0:08:17]} Ke3 {[%clk
0:04:50]} 54. c4 {[%clk 0:08:24]} Nc7 {[%clk 0:04:24]} 55. d5 {[%clk 0:08:41]}
Kd4 {[%clk 0:04:43]} 56. cxb5 {[%clk 0:08:25]} Nxb5 {[%clk 0:04:43]} 57. a4
{[%clk 0:08:27]} Nd6 {[%clk 0:05:02]} 58. a5 {[%clk 0:07:56]} Kxd5 {[%clk
0:05:15]} 59. Ka4 {[%clk 0:07:59]} Kc6 {[%clk 0:05:26]} 60. Kb3 {[%clk 0:07:22]}
Kb5 {[%clk 0:05:52]} 61. Kc3 {[%clk 0:07:29]} Nb7 {[%clk 0:06:00]} 62. Kd4 {[%clk
0:07:29]} 1/2-1/2

[Event "Campeonato de España Veteranos 2017"]
[Site "Altea"]
[Date "2017.10.09"]
[Round "3"]
[White "Campos Gambuti, Luis Maria"]
[Black "Mancebo Ibanez, Fernando"]
[Result "1-0"]
[Board "1"]
[WhiteTitle "IM"]
[WhiteElo "2413"]
[WhiteCountry "ESP"]
[WhiteFideId "2226979"]
[WhiteEloChange "1"]
[BlackElo "2100"]
[BlackCountry "ESP"]
[BlackFideId "2204193"]
[BlackEloChange "-3"]

1. e4 {[%clk 1:30:58]} c6 {[%clk 1:30:09]} 2. c4 {[%clk 1:31:16]} d5 {[%clk
1:30:05]} 3. exd5 {[%clk 1:31:38]} cxd5 {[%clk 1:30:31]} 4. cxd5 {[%clk 1:32:00]}
Nf6 {[%clk 1:30:57]} 5. Qa4+ {[%clk 1:32:07]} Bd7 {[%clk 1:30:45]} 6. Qb3 {[%clk
1:32:15]} Na6 {[%clk 1:28:27]} 7. Nc3 {[%clk 1:32:27]} Qb6 {[%clk 1:24:04]} 8.
Bc4 {[%clk 1:31:37]} Rc8 {[%clk 1:09:39]} 9. Nf3 {[%clk 1:30:51]} Nc5 {[%clk
0:53:49]} 10. Qxb6 {[%clk 1:30:33]} axb6 {[%clk 0:54:15]} 11. d3 {[%clk 1:30:09]}
b5 {[%clk 0:52:45]} 12. Nxb5 {[%clk 1:27:34]} Nxd5 {[%clk 0:50:25]} 13. Ne5
{[%clk 1:26:58]} e6 {[%clk 0:48:33]} 14. Nxd7 {[%clk 1:24:49]} Kxd7 {[%clk
0:48:31]} 15. Ke2 {[%clk 1:10:40]} Be7 {[%clk 0:43:46]} 16. b3 {[%clk 1:05:21]}
Bf6 {[%clk 0:43:20]} 17. Rb1 {[%clk 1:05:37]} Rhd8 {[%clk 0:38:57]} 18. Bd2
{[%clk 1:05:52]} Ke8 {[%clk 0:38:32]} 19. Rhc1 {[%clk 1:05:58]} Be7 {[%clk
0:25:48]} 20. a4 {[%clk 1:01:39]} Kf8 {[%clk 0:25:15]} 21. Bxd5 {[%clk 0:47:24]}
exd5 {[%clk 0:25:31]} 22. Ba5 {[%clk 0:47:45]} Re8 {[%clk 0:22:40]} 23. Nc7
{[%clk 0:48:02]} Bg5+ {[%clk 0:22:47]} 24. Nxe8 {[%clk 0:48:18]} Rxe8+ {[%clk
0:22:49]} 25. Kf3 {[%clk 0:48:17]} Nxd3 {[%clk 0:12:34]} 26. Rd1 {[%clk 0:45:14]}
Ne5+ {[%clk 0:12:20]} 27. Kg3 {[%clk 0:45:26]} Ng6 {[%clk 0:02:28]} 28. Rxd5
{[%clk 0:43:02]} h6 {[%clk 0:01:18]} 29. Re1 {[%clk 0:39:11]} Rc8 {[%clk
0:00:56]} 30. Re4 {[%clk 0:38:58]} Rc2 {[%clk 0:00:55]} 31. h4 {[%clk 0:39:12]}
1-0

[Event "Campeonato de España Veteranos 2017"]
[Site "Altea"]
[Date "2017.10.09"]
[Round "3"]
[White "Ladron De Guevara Galar, Fco J."]
[Black "Riquelme Valero, Manuel Damian"]
[Result "1/2-1/2"]
[Board "2"]
[WhiteElo "2081"]
[WhiteCountry "ESP"]
[WhiteFideId "2265745"]
[WhiteEloChange "2"]
[BlackElo "2147"]
[BlackCountry "ESP"]
[BlackFideId "2209004"]
[BlackEloChange "-2"]

1. d4 {[%clk 1:30:45]} f5 {[%clk 1:30:18]} 2. Nf3 {[%clk 1:30:45]} Nf6 {[%clk
1:30:18]} 3. g3 {[%clk 1:30:34]} g6 {[%clk 1:28:13]} 4. Bg2 {[%clk 1:30:21]} Bg7
{[%clk 1:28:19]} 5. O-O {[%clk 1:30:31]} O-O {[%clk 1:28:19]} 6. c4 {[%clk
1:30:25]} d6 {[%clk 1:28:01]} 7. Nc3 {[%clk 1:30:13]} c6 {[%clk 1:28:18]} 8. d5
{[%clk 1:30:20]} e5 {[%clk 1:26:20]} 9. dxe6 {[%clk 1:29:12]} Bxe6 {[%clk
1:24:49]} 10. b3 {[%clk 1:26:40]} Na6 {[%clk 1:19:31]} 11. Ng5 {[%clk 1:26:40]}
Re8 {[%clk 1:18:55]} 12. Nxe6 {[%clk 1:23:38]} Rxe6 {[%clk 1:13:47]} 13. Rb1
{[%clk 1:10:00]} Nc5 {[%clk 1:06:15]} 14. e3 {[%clk 1:06:50]} Qc7 {[%clk
0:57:14]} 15. Qc2 {[%clk 1:05:53]} Nce4 {[%clk 0:50:44]} 16. Ne2 {[%clk 1:02:03]}
a5 {[%clk 0:45:37]} 17. Bb2 {[%clk 1:02:03]} Ree8 {[%clk 0:44:14]} 18. Rbd1
{[%clk 0:58:53]} Rad8 {[%clk 0:38:56]} 19. Bd4 {[%clk 0:45:43]} c5 {[%clk
0:36:07]} 20. Ba1 {[%clk 0:39:26]} Qe7 {[%clk 0:36:07]} 21. Nf4 {[%clk 0:37:20]}
g5 {[%clk 0:26:18]} 22. Nd5 {[%clk 0:37:20]} Nxd5 {[%clk 0:26:18]} 23. Rxd5
{[%clk 0:37:37]} Bxa1 {[%clk 0:25:04]} 24. Rxa1 {[%clk 0:37:37]} Qf6 {[%clk
0:24:56]} 25. Rc1 {[%clk 0:38:08]} g4 {[%clk 0:24:49]} 26. Bxe4 {[%clk 0:38:08]}
Rxe4 {[%clk 0:24:49]} 27. Qc3 {[%clk 0:35:44]} Qxc3 {[%clk 0:21:54]} 28. Rxc3
{[%clk 0:35:44]} Re5 {[%clk 0:08:20]} 29. Rcd3 {[%clk 0:36:01]} Rxd5 {[%clk
0:08:26]} 30. Rxd5 {[%clk 0:36:23]} a4 {[%clk 0:08:48]} 31. Rxf5 {[%clk 0:33:15]}
axb3 {[%clk 0:08:21]} 32. axb3 {[%clk 0:33:38]} Ra8 {[%clk 0:08:27]} 33. Rd5
{[%clk 0:31:12]} Ra6 {[%clk 0:08:27]} 34. Kg2 {[%clk 0:31:12]} Rb6 {[%clk
0:08:46]} 35. Rd3 {[%clk 0:31:33]} Kf7 {[%clk 0:08:16]} 36. h3 {[%clk 0:29:15]}
h5 {[%clk 0:06:13]} 37. f3 {[%clk 0:28:10]} Ke6 {[%clk 0:06:33]} 38. hxg4 {[%clk
0:28:10]} hxg4 {[%clk 0:06:55]} 39. fxg4 {[%clk 0:28:10]} Rb4 {[%clk 0:07:17]}
40. Kf3 {[%clk 0:27:34]} b5 {[%clk 0:07:05]} 41. cxb5 {[%clk 0:23:10]} d5 {[%clk
0:05:17]} 42. Rc3 {[%clk 0:20:01]} Rxb5 {[%clk 0:02:06]} 43. Kf4 {[%clk 0:20:01]}
d4 {[%clk 0:02:27]} 44. exd4 {[%clk 0:19:38]} cxd4 {[%clk 0:02:05]} 45. Rc8
{[%clk 0:07:58]} Rxb3 {[%clk 0:02:16]} 46. Rd8 {[%clk 0:07:37]} Rd3 {[%clk
0:02:27]} 47. g5 {[%clk 0:06:51]} Rd1 {[%clk 0:00:45]} 48. g6 {[%clk 0:06:56]}
Rf1+ {[%clk 0:00:45]} 49. Kg5 {[%clk 0:06:56]} Rf5+ {[%clk 0:01:06]} 50. Kh6
{[%clk 0:07:04]} Rf3 {[%clk 0:01:06]} 51. g7 {[%clk 0:05:53]} Rxg3 {[%clk
0:01:50]} 52. g8Q+ {[%clk 0:05:53]} Rxg8 {[%clk 0:02:09]} 53. Rxg8 {[%clk
0:05:43]} Kf5 {[%clk 0:02:09]} 54. Rd8 {[%clk 0:03:51]} Ke4 {[%clk 0:02:26]} 55.
Kg5 {[%clk 0:03:10]} d3 {[%clk 0:03:00]} 56. Kg4 {[%clk 0:02:02]} Ke3 {[%clk
0:02:59]} 57. Kg3 {[%clk 0:01:22]} d2 {[%clk 0:03:17]} 58. Re8+ {[%clk 0:01:22]}
Kd3 {[%clk 0:03:17]} 59. Rd8+ {[%clk 0:01:31]} Ke2 {[%clk 0:03:37]} 60. Rxd2+
{[%clk 0:01:57]} Kxd2 {[%clk 0:03:37]} 61. Kf4 {[%clk 0:01:57]} 1/2-1/2

[Event "Campeonato de España Veteranos 2017"]
[Site "Altea"]
[Date "2017.10.09"]
[Round "3"]
[White "Lopez Pereyra, Antonio"]
[Black "Serrano Marhuenda, Salvador"]
[Result "0-1"]
[Board "3"]
[WhiteElo "2137"]
[WhiteCountry "ESP"]
[WhiteFideId "2227126"]
[WhiteEloChange "-13"]
[BlackTitle "CM"]
[BlackElo "2012"]
[BlackCountry "ESP"]
[BlackFideId "2201429"]
[BlackEloChange "13"]

1. e4 {[%clk 1:29:38]} c5 {[%clk 1:30:01]} 2. Nf3 {[%clk 1:29:31]} e6 {[%clk
1:30:21]} 3. d4 {[%clk 1:29:26]} cxd4 {[%clk 1:30:44]} 4. Nxd4 {[%clk 1:29:45]}
a6 {[%clk 1:31:08]} 5. Nc3 {[%clk 1:29:48]} Qc7 {[%clk 1:31:29]} 6. Be2 {[%clk
1:29:17]} Nf6 {[%clk 1:31:52]} 7. O-O {[%clk 1:29:14]} Nc6 {[%clk 1:32:17]} 8.
Kh1 {[%clk 1:28:54]} Bb4 {[%clk 1:29:09]} 9. Bg5 {[%clk 1:27:35]} Bxc3 {[%clk
1:25:11]} 10. Bxf6 {[%clk 1:27:55]} gxf6 {[%clk 1:23:50]} 11. bxc3 {[%clk
1:28:13]} d6 {[%clk 1:24:04]} 12. Bh5 {[%clk 1:25:23]} Rg8 {[%clk 1:18:19]} 13.
f4 {[%clk 1:20:43]} Ke7 {[%clk 1:07:57]} 14. Qd2 {[%clk 1:06:58]} Bd7 {[%clk
1:03:29]} 15. Rad1 {[%clk 1:01:43]} Rac8 {[%clk 0:58:38]} 16. Nf3 {[%clk
0:54:22]} Rcd8 {[%clk 0:50:29]} 17. Qf2 {[%clk 0:41:48]} Qa5 {[%clk 0:36:22]} 18.
Qh4 {[%clk 0:37:14]} Qxc3 {[%clk 0:33:25]} 19. e5 {[%clk 0:31:36]} dxe5 {[%clk
0:31:11]} 20. fxe5 {[%clk 0:31:10]} Nxe5 {[%clk 0:18:49]} 21. Nd4 {[%clk
0:30:35]} Rg5 {[%clk 0:09:11]} 22. Rxf6 {[%clk 0:25:56]} Rdg8 {[%clk 0:06:47]}
23. Rf2 {[%clk 0:21:07]} f6 {[%clk 0:04:54]} 24. Qf4 {[%clk 0:08:13]} Rf8 {[%clk
0:04:11]} 25. Bf3 {[%clk 0:07:13]} b5 {[%clk 0:02:53]} 26. Ne2 {[%clk 0:06:59]}
Qc5 {[%clk 0:02:55]} 27. Nd4 {[%clk 0:04:04]} Be8 {[%clk 0:02:12]} 28. Rfd2
{[%clk 0:02:50]} Nc4 {[%clk 0:01:06]} 29. Re2 {[%clk 0:01:01]} Ne5 {[%clk
0:01:06]} 30. Nb3 {[%clk 0:01:06]} Qc7 {[%clk 0:01:11]} 31. Qb4+ {[%clk 0:00:49]}
Kf7 {[%clk 0:01:34]} 32. h4 {[%clk 0:00:41]} Rg7 {[%clk 0:01:22]} 33. Bh5+ {[%clk
0:00:57]} Kg8 {[%clk 0:01:48]} 34. Bxe8 {[%clk 0:00:46]} Rxe8 {[%clk 0:02:16]}
35. Re4 {[%clk 0:00:32]} Qxc2 {[%clk 0:02:24]} 36. Rd2 {[%clk 0:00:48]} Qb1+
{[%clk 0:02:38]} 37. Kh2 {[%clk 0:01:16]} Qf1 {[%clk 0:02:24]} 38. Rf4 {[%clk
0:01:31]} Qe1 {[%clk 0:02:04]} 39. Nc5 {[%clk 0:00:40]} Qg3+ {[%clk 0:01:39]} 40.
Kh1 {[%clk 0:01:09]} Ng4 {[%clk 0:01:53]} 41. Rxg4 {[%clk 0:00:36]} Rxg4 {[%clk
0:02:16]} 42. Rd4 {[%clk 0:01:04]} Qxh4+ {[%clk 0:02:37]} 0-1

[Event "Campeonato de España Veteranos 2017"]
[Site "Altea"]
[Date "2017.10.09"]
[Round "3"]
[White "Gonzalez Custodio, Rafael"]
[Black "Garcia Galeote, Lorenzo"]
[Result "1-0"]
[Board "4"]
[WhiteElo "2105"]
[WhiteCountry "ESP"]
[WhiteFideId "2205653"]
[WhiteEloChange "7"]
[BlackElo "1998"]
[BlackCountry "ESP"]
[BlackFideId "2207745"]
[BlackEloChange "-7"]

1. d4 {[%clk 1:30:57]} g6 {[%clk 1:30:52]} 2. Nf3 {[%clk 1:31:14]} Bg7 {[%clk
1:31:16]} 3. c3 {[%clk 1:31:36]} Nf6 {[%clk 1:31:26]} 4. Bf4 {[%clk 1:31:36]} O-O
{[%clk 1:31:26]} 5. Nbd2 {[%clk 1:31:00]} d6 {[%clk 1:30:54]} 6. h3 {[%clk
1:31:18]} b6 {[%clk 1:29:32]} 7. e3 {[%clk 1:28:22]} Bb7 {[%clk 1:29:51]} 8. Be2
{[%clk 1:28:28]} Nbd7 {[%clk 1:29:09]} 9. O-O {[%clk 1:28:01]} e6 {[%clk
1:26:52]} 10. Re1 {[%clk 1:27:57]} Qe7 {[%clk 1:26:29]} 11. Bh2 {[%clk 1:23:58]}
e5 {[%clk 1:25:01]} 12. dxe5 {[%clk 1:23:51]} Nxe5 {[%clk 1:24:00]} 13. Nxe5
{[%clk 1:23:21]} dxe5 {[%clk 1:24:23]} 14. Bf3 {[%clk 1:19:45]} Bxf3 {[%clk
1:18:21]} 15. Nxf3 {[%clk 1:17:31]} Rfd8 {[%clk 1:17:17]} 16. Qc2 {[%clk
1:17:11]} Ne8 {[%clk 1:14:49]} 17. e4 {[%clk 1:14:17]} Rd7 {[%clk 1:11:40]} 18.
Rad1 {[%clk 1:12:20]} Rad8 {[%clk 1:10:14]} 19. Rxd7 {[%clk 1:12:36]} Rxd7 {[%clk
1:10:35]} 20. Rd1 {[%clk 1:12:29]} f6 {[%clk 1:07:47]} 21. Bg3 {[%clk 1:09:18]}
Qd8 {[%clk 1:05:22]} 22. Rxd7 {[%clk 1:07:39]} Qxd7 {[%clk 1:03:52]} 23. Nh2
{[%clk 1:06:04]} Bh6 {[%clk 1:00:55]} 24. Nf1 {[%clk 1:00:55]} a5 {[%clk
0:56:08]} 25. f3 {[%clk 0:58:40]} Ng7 {[%clk 0:48:59]} 26. Bf2 {[%clk 0:50:05]}
Ne6 {[%clk 0:45:14]} 27. a4 {[%clk 0:45:22]} Bf8 {[%clk 0:44:05]} 28. Ne3 {[%clk
0:38:32]} Bc5 {[%clk 0:42:55]} 29. Nd5 {[%clk 0:36:17]} Kg7 {[%clk 0:38:48]} 30.
b4 {[%clk 0:34:05]} Bxf2+ {[%clk 0:38:31]} 31. Kxf2 {[%clk 0:34:11]} Qc6 {[%clk
0:35:35]} 32. Qb3 {[%clk 0:29:58]} axb4 {[%clk 0:33:28]} 33. Qxb4 {[%clk
0:26:51]} Qc5+ {[%clk 0:29:48]} 34. Qxc5 {[%clk 0:24:15]} Nxc5 {[%clk 0:30:01]}
35. Nxc7 {[%clk 0:24:36]} Nxa4 {[%clk 0:30:15]} 36. Nd5 {[%clk 0:24:57]} Nb2
{[%clk 0:27:13]} 37. Ke2 {[%clk 0:24:25]} Nc4 {[%clk 0:27:17]} 38. Kd3 {[%clk
0:24:28]} b5 {[%clk 0:27:18]} 39. Kc2 {[%clk 0:23:48]} f5 {[%clk 0:24:37]} 40.
exf5 {[%clk 0:22:16]} gxf5 {[%clk 0:24:55]} 41. Kb3 {[%clk 0:22:09]} e4 {[%clk
0:21:27]} 42. fxe4 {[%clk 0:22:28]} fxe4 {[%clk 0:21:46]} 43. Kb4 {[%clk
0:22:37]} e3 {[%clk 0:19:28]} 44. Nf4 {[%clk 0:22:49]} Nb6 {[%clk 0:05:25]} 45.
Ne2 {[%clk 0:20:32]} Kf6 {[%clk 0:04:36]} 46. Kxb5 {[%clk 0:20:49]} Nd7 {[%clk
0:04:17]} 47. Kc4 {[%clk 0:19:48]} 1-0